00522 2200181 4500001002100000005001500021035002000036008004100056245008600097100001800183250001000201260003100211300002800242020002200270082001000292650002200302084001600324INLIS00000000000141920230510093843 a0010-0523000031230510 0 ind 1 aMengasah Kemampuan Sejarah Indonesia untuk Kelas SMK/MAK Kelas X /cMuhammad Adil aMuhammad Adil aed 1. aJakarta :bErlangga,c2019 a246 hlm ;c17,5 x 25 cm a978-602-486-083-7 a959.8 4aSejarah Indonesia a959.8 MUH m